000 01056nam a22002777a 4500
005 20090120161855.0
008 090120t xxu||||| |||| 00| 0 eng d
010 _aENG-91980
020 _a9788120335769
_c450.00
035 _aEN-75513
037 _bDBAD / PUB
040 _adpl
_bEnglish
082 _a658.4012
100 _aGrantham, Charles E.
245 _aCorporate agility :
_ba revolutionary new model for competing in a flat world /
_cby Charles E. Grantham, James P. Ware [and] Cory Williamson.
260 _aNew Delhi
_bPHI Learning
_c2008
300 _ax, 275 p. :
_bill. ;
_c24 cm (Hb)
504 _aIncludes index.
650 _aStrategic planning.
650 _aOrganizational change.
650 _aOrganizational effectiveness.
700 _aWare, James P.
700 _aWilliamson, Cory.
942 _2ddc
_cCF
_h658.4012
_mGRA
999 _c19426
_d19426